| 000 | 00770cam a2200265 a 4500 | ||
|---|---|---|---|
| 001 | 000008420 | ||
| 005 | 20200929161335.0 | ||
| 008 | 820715s1994 sp 000 f spa d | ||
| 020 | _a8432230146 | ||
| 040 |
_aDO-SdBNP _bspa _cDLC _dBNPHU |
||
| 082 |
_aA863.44 _bS113s, 1994 |
||
| 100 | 1 |
_aSábato, Ernesto, _d1911- _922674 |
|
| 245 | 1 | 0 |
_aSobre héroes y tumbas / _cErnesto Sábato. |
| 250 | _a6a ed. | ||
| 260 |
_aBarcelona : _bSeix Barral, _c1994. |
||
| 300 |
_a504 p. ; _c19 cm. |
||
| 490 | 1 | _aBiblioteca de bolsillo | |
| 650 | 4 |
_aNovela argentina _93941 |
|
| 650 | 4 |
_aLiteratura argentina _93860 |
|
| 650 | 4 |
_aRitos y ceremonias _xNovela _922693 |
|
| 830 | 0 |
_aBiblioteca de bolsillo _95816 |
|
| 910 | _aCatalogación derivada | ||
| 910 | _aWM | ||
| 049 | _aBNGR | ||
| 999 |
_c8191 _d8191 |
||